Handbook of numerical analysis applications: with programs for engineers and scientists

Na minha lista:
Detalhes bibliográficos
Autor principal: Pachner, Jaroslav (Author)
Formato: Livro
Idioma:inglês
Publicado em: Nueva York McGraw-Hill 1984
Assuntos:
Tags: Adicionar Tag
Sem tags, seja o primeiro a adicionar uma tag!

MARC

LEADER 00000nam a2200000 a 4500
001 UCV6916
003 CL-VaPUC
008 930519e19840000US |||||||||||||||||eng|d
082 0 4 |a 519.4  |b PAC  |2 21 
100 0 |a Pachner, Jaroslav  |e author  |9 300924 
245 1 0 |a Handbook of numerical analysis applications: with programs for engineers and scientists 
300 |a 800 p 
942 |c BK 
945 |d 19930519 00:00:00 
260 |a Nueva York  |b McGraw-Hill  |c 1984 
650 0 |a Análisis numérico   |9 259387 
650 0 |a Proceso de datos   |9 259776 
583 |a last modification  |c 19930519 00:00:00  |k Rodrigo Vera 
999 |c 212727  |d 212725 
952 |0 0  |1 0  |4 0  |6 519_400000000000000_PAC_1984  |7 0  |8 A  |9 194228  |a BIBING  |b BIBING  |d 2019-11-14  |i 2623919  |o 519.4 PAC 1984  |p 2623919  |r 2025-01-20  |w 2019-11-14  |y BK  |k EIE